Народна архітектура українців Словаччини (Запис № 442734)
[ простий вигляд ]
| 000 -Лідер | |
|---|---|
| fixed length control field | 02100 a2200313 4500 |
| 001 - Контрольний номер | |
| control field | 216217987 |
| 003 - Ідентифікатор контрольного номера | |
| control field | UA-OsUOA |
| 005 - Дата та час останнього входження (трансакції) | |
| control field | 20200514162334.0 |
| 008 - Елементи даних фіксованої довжини – загальна інформація | |
| fixed length control field | 191107b un ||||| |||| 00| 0 ukr d |
| 020 ## - Міжнародний стандартний книжковий номер (ISBN) | |
| Міжнародний стандартний книжковий номер (ISBN) (НП) | 9788089755189 |
| 040 ## - Джерело каталогізації | |
| Агенція оригінальної каталогізації | UA-OsUOA |
| Мова каталогізації | ukr |
| Агенція, яка здійснювала перезапис | UA-OsUOA |
| Агенція, яка здійснювала модифікацію | UA-OsUOA |
| 041 ## - Код мови | |
| Код мови тексту/ звукової доріжки чи окремого заголовка (П) | ukr |
| 080 ## - Індекс Універсальної десяткової класифікації | |
| Індекс Універсальної десяткової класифікації (УДК) (НП) | 94(477).155 |
| 090 ## - Локальний шифр розміщення | |
| Класифікаційний індекс УДК | 94(477).155 |
| Авторський знак (НП) | С64 |
| 100 ## - Основне введення – ім’я особи | |
| Ім’я особи (НП) | Сополига М. |
| 110 ## - Наймення організації – загальна інформація | |
| Найменування колективу або юрисдикції як початковий елемент введення | Словацький національний музей; Музей української культури у Свиднику |
| 245 ## - Відомості про назву | |
| Назва (НП) | Народна архітектура українців Словаччини |
| Дані про відповідальність (НП) | М. Сополига |
| 260 ## - Публікація, розповсюдження і т.п. (Вихідні дані) | |
| Дата публікації, розповсюдження і т.п. (П) | 2016 |
| Місце публікації, розповсюдження і т.п. (П) | Свидник |
| 300 ## - Фізичний опис | |
| Обсяг | 352 с. |
| 520 ## - Резюме і т.п. | |
| Резюме, реферат, анотація, тощо (НП) | У книзі на ґрунтовній джерельній базі, зокрема матеріалах з польових досліджень автора, вперше подається аналітично-синтетичне опрацювання проблематики народного будівництва українців Словаччини - основні типи і форми традиційних сільських поселень, житлових, господарських, технічно-промислових, громадських, сакральних та інших споруд в аспекті природно-кліматичних, соціально-економічних, культурно-етнічних факторів їх формування. |
| 590 ## - Примітка про автограф і колекцію | |
| Примітка про автограф і колекцію | Містить автограф автора. |
| 591 ## - Дарувальник | |
| Прізвище та ініціали особи | Сополига М. |
| 650 ## - Додаткове предметне введення – тематичний термін | |
| Тематичний термін чи географічна назва, як елемент введення (НП) | 94(477).155 Українці в Східній та Південно-Східній Європі |
| Джерело заголовка чи терміна | UDC |
| 700 1# - Додаткове введення – ім'я особи | |
| Ім’я особи (НП) | Сополига М. |
| 710 1# - Додаткове введення – наймення організації | |
| Наймення організації або юрисдикції, як елемент введення | Словацький національний музей; Музей української культури у Свиднику |
| 942 ## - Додаткові елементи входу (Коха) | |
| Тип елемента Koha | Книги |
| Source of classification or shelving scheme | Universal Decimal Classification |
| 955 ## - Код типу видання за змістом | |
| Код типу видання за змістом (НП) | Наукові видання |
| Стан вилучень | Стан втрат | Джерело класифікації або схеми стелажів | Стан уражень | Не для кредиту | Постійне місце розташування | Поточне розміщення | Дата придбання | Джерело придбання | Вартість, звичайна ціна покупки | Інвентарний номер | Усього замовленно | Повний номер виклику | Штрих-код | Дата останнього перегляду | Ціна ефективна від | Тип елемента Koha | Вартість, ціна заміни |
|---|---|---|---|---|---|---|---|---|---|---|---|---|---|---|---|---|---|
| Universal Decimal Classification | Наукова бібліотека ІДУД | Наукова бібліотека ІДУД | 30/05/2017 | 315/2014 | 1.00 | 2139207 | 94(477).155 С64 | 2139207 | 15/09/2019 | 30/05/2017 | Книги | ||||||
| Universal Decimal Classification | Наукова бібліотека ІДУД | Наукова бібліотека ІДУД | 02/10/2019 | Акт надходження № 344/2019 (загальний 2.10.2019) | 1.00 | 2139564 | 94(477).155 С64 | 2139564 | 07/11/2019 | 07/11/2019 | Книги | 2019.00 |